000 00419ntaaa2200157 4500
003 01
005 20251027201555.0
008 0714s1973 ag 01
040 _aAR-BaBN
_bspa
_cAR-BaBN
_eaacr
_dRIC
082 _a230.0000 F96
245 _aFundamentals; a testimony to the truth.
250 _a1 ed. :
_bTestimony Publishing Company,
_cn.f.
300 _a12 tomos en 3 volúmenes
650 _aSermones
_9362
942 _cBK
999 _c10336
_d10336